| 000 | 00539cam a22002051 4500 | ||
|---|---|---|---|
| 001 | ne 63002284 | ||
| 003 | DLC | ||
| 005 | 20260227111752.0 | ||
| 008 | 900507s1962 ua a 000 1 arar | ||
| 010 | _ane 63002284 | ||
| 025 | _aPL480:UAR-3072 | ||
| 035 | _a(OCoLC)21488596 | ||
| 040 |
_aDLC _cWaU _dDLC |
||
| 042 | _apremarc | ||
| 050 | 0 | 0 |
_aPJ7862.I23 _bS3 |
| 100 | 1 | _aSibāʻī, Yūsuf. | |
| 245 | 1 | 3 |
_aal-Saqqā māt _c[taʼlīf] Yūsuf al-Sibāʻī. |
| 260 |
_aMiṣr, _bal-khānjī _c[1962?] |
||
| 300 |
_a486 p. _billus. _c20 cm. |
||
| 999 |
_c46399 _d46399 |
||